00390ntaaa2200157 45000030003000000050017000030080021000200400037000410820018000781000024000962450022001202500010001422600049001523000009002016500022002100120251027202740.00714s1973 ag 01  aAR-BaBNbspacAR-BaBNeaacrdRIC a745.5600 B38g aBeckmann, Wolfgang  aGrabados en cobre a1 ed. aBuenos Aires : bEditorial Kapelusz, cc1972 a40 p atrabajos manuales